000
nam a22 7a 4500
999
_c
44756
_d
44756
003
OSt
005
20190225132911.0
008
190225b xxu||||| |||| 00| 0 eng d
040
_c
SERO SOFT
100
_a
UPPAL,A.K
245
_a
SCIENCE OF SPORTS TRAINING
260
_a
NEW DELHI
_b
FRIENDS PUBLICATION
300
_a
208
942
_2
ddc
_c
01